Priorities in biotechnology research for international development : Proceedings of a workshop

Spremljeno u:
Bibliografski detalji
Format: Knjiga
Jezik:Undetermined
Izdano: Washington, D.C. National Academy Press 1982
Teme:
Oznake: Dodaj oznaku
Bez oznaka, Budi prvi tko označuje ovaj zapis!
Thư viện lưu trữ: Trung tâm Học liệu Trường Đại học Cần Thơ
LEADER 00523nam a2200169Ia 4500
001 CTU_78653
008 210402s9999 xx 000 0 und d
082 |a 660.6 
082 |b P958 
245 0 |a Priorities in biotechnology research for international development : 
245 0 |b Proceedings of a workshop 
245 0 |c Robert H. Burris ... [et al.] 
260 |a Washington, D.C. 
260 |b National Academy Press 
260 |c 1982 
650 |a Biotechnology 
980 |a Trung tâm Học liệu Trường Đại học Cần Thơ